000 00795nam a2200205 i 4500
001 170750
003 ES-MaACL
005 20250808062740.0
008 090402s1952 sp |||| | spa d
100 0 _aAlfonso María de Ligorio
_cSanto.
_919867
245 1 0 _aObras Ascéticas de San Alfonso María de Ligorio.
_nI,
_pObras dedicadas al pueblo en general /
_cintroducción ascético-alfonsiana, selección, versión, notas e índices de Andrés Goy.
250 _aEd. crítica.
260 _aMadrid :
_bLa Editorial Católica,
_c1952.
300 _aXVI, 1033 p. ;
_c20 cm.
490 1 _aBiblioteca de autores cristianos ;
_v78
700 0 _aGoy, Andrés.
_959388
830 0 0 _aBiblioteca de autores cristianos
_v78
_9178679
852 _aES-MaACL
_jJ-76
_9R.46092
999 _c170750
_d170750